00500 2200205 4500001002100000008004100021035002000062245006100082100001800143250000600161260003100167300001200198084001400210082000800224650001400232990001200246990001200258990001200270990001200282INLIS000000000000561 ind  a0010-0424000537 aReferensi Sains Dalam Kehidupan Manusia 3cDr. Suroso AY aDr. Suroso AY a1 aJakarta :bIPA Abongc2008 a102 hlm a030 SUR r a030 aReferensi a0722272 a0722273 a0722274 a0722275